000 02481cam a22003858i 4500
001 22762981
005 20260115101514.0
008 220824s2022 enk b 001 0 eng
010 _a 2022036571
020 _a9781350262959
_q(hardback)
020 _a9781350262966
_q(paperback)
020 _z9781350262973
_q(adobe pdf)
020 _z9781350262980
_q(epub)
040 _aDLC
_beng
_erda
_cDLC
042 _apcc
050 0 0 _aBL51
_b.K597 2022
082 0 0 _a210
_223/eng20221024
100 1 _aKnepper, Timothy D.,
_eauthor.
_933296
245 1 0 _aPhilosophies of religion :
_ba global and critical introduction /
_cTimothy Knepper.
263 _a2212
264 1 _aLondon ;
_aNew York :
_bBloomsbury Academic,
_c2022.
300 _apages cm.
336 _atext
_btxt
_2rdacontent
337 _aunmediated
_bn
_2rdamedia
338 _avolume
_bnc
_2rdacarrier
490 0 _aExpanding philosophy of religion
500 _aS-KN: Ashin Khemānanda
504 _aIncludes bibliographical references and index.
520 _a"In this global introduction to philosophy of religion you begin not with a single tradition, but with religious philosophies from East Asia, South Asia, West Africa, and Native North America, alongside the classical Abrahamic and modern European traditions. Matching this diversity of traditions, chapters are organized around questions that acknowledge there is no single understanding of any god or ultimate reality. Instead you approach six different traditions of philosophizing about religion by asking questions about the journeys of both the self and the cosmos such as "What is my path?" and "Where did the cosmos come from?" Accompanied by introductory materials and an extensive glossary, each chapter includes learning objectives, questions for discussion, and suggested primary and secondary sources. The categories of religion and philosophy are interrogated throughout. Equipped with study tools and universal questions about the self and the cosmos, Philosophies of Religion: A Global and Critical Introduction shows you how to philosophize about religions around the world"--
_cProvided by publisher.
650 0 _aReligion
_xPhilosophy.
776 0 8 _iOnline version:
_aKnepper, Timothy D.
_tPhilosophies of religion
_dLondon ; New York : Bloomsbury Academic, 2022
_z9781350262973
_w(DLC) 2022036572
906 _a7
_bcbc
_corignew
_d1
_eecip
_f20
_gy-gencatlg
942 _2ddc
_cBK1
999 _c30091
_d30091